01059nam a22002057a 4500003000900000005001700009008004100026040001300067110002900080245019200109260004700301300004100348500011100389650005000500651005000550856012600600942001900726999001300745952009500758BR-ViAPE20260417115712.0260417s1926 por gs||||s000 0 por d cBR-ViAPE aEspírito SantobEstado aRelatório da Secretaria da Agricultura, Terras e Obras apresentado ao Exmo. Snr. Dr. Florentino Avidos D. D. Presidente do Estado do Espírito Santo pelo Dr. Bemvindo de Novaes em 1926 aVitóriabTyp. do Diario da Manhãc1926 a104 p.bDocumento digitalizado (PDF) aDocumento digitalizado do acervo institucional do Arquivo Público do Estado do Espírito Santo - APEES. xAdministração públicazEspírito Santo aEspírito SantoxRelatórios governamentais uhttps://ape.es.gov.br/Media/ape/PDF/Relatorios/1919/relatorio%204-%20ano%201926.pdfyCLIQUE AQUI PARA ACESSAR O DOCUMENTO 2ddccMSGRELn1 c495d495 002ddc4070aBIB.APEESbBIB.APEESd2026-04-17l0r2026-04-17 11:58:04w2026-04-17yMSGREL